wszystkie dorzecza wisly i odry. rzeki przymorza - Statystyki

Ogólne statystyki
  • Ten quiz został rozwiązany 328 razy
  • Średni wynik to 18 z 51
Statystyki odpowiedzi
Odpowiedź % Poprawnych
san
77%
narew
72%
warta
71%
wieprz
70%
dunajec
65%
pilica
63%
bobr
61%
nysa klodzka
61%
nysa luzycka
60%
brda
56%
wisloka
55%
notec
53%
nida
51%
wda
49%
bzura
45%
wkra
45%
sola
44%
drweca
43%
barycz
41%
kamienna
41%
raba
40%
mala panew
33%
bystrzyca
32%
skawa
32%
wierzyca
31%
osa
30%
kaczawa
29%
radomka
29%
parseta
28%
przemsza
28%
skrwa
28%
czarna
27%
rega
26%
sleza
25%
olawa
24%
widawa
24%
wieprza
23%
slupia
22%
stobrawa
22%
obra
21%
swider
21%
prosna
19%
ilzanka
16%
liwa
15%
kwisa
12%
reda
12%
lupawa
11%
szreniawa
11%
opatowka
6%
klodnica
5%
dlubnia
4%
Nie znaleziono quizów pasujących do podanych kryteriów
Rozkład punktacji
Procent ludzi z każdym wynikiem
Percentyl według liczby udzielonych odpowiedzi
Twoja historia wyników
Nie rozwiązałeś tego quizu